Wirus czy Bakteria - Statystyki

Ogólne statystyki
  • Ten quiz został rozwiązany 54 razy
  • Średni wynik to 7 z 10
Statystyki odpowiedzi
Zagadnienie Odpowiedź % Poprawnych
Acinetobacter baumannii to..... Bakteria
100%
HIV to..... Wirus
89%
Siniec to... Bakteria
78%
Chlamydia to... Bakteria
78%
SARS to... Wirus
78%
Promieniowiec to..... Bakteria
67%
MERS-CoV to.... Wirus
67%
Marburg to ... Wirus
56%
Żółta febra to.... wirus
44%
Denga to... Wirus
44%
Nie znaleziono quizów pasujących do podanych kryteriów
Rozkład punktacji
Procent ludzi z każdym wynikiem
Percentyl według liczby udzielonych odpowiedzi
Twoja historia wyników
Nie rozwiązałeś tego quizu